00720nam a2200193 a 4500008004100000020001800041050001600059100001800075245003800093260002700131300001900158350000900177650002200186650001900208650004200227995010800269999001700377952013200394101028s2007 ||||||||||||||||| || u a9780080450292 aHE 5614 Shi aShinar, David10aTraffic safety and human behavior aOxfordbElsevierc2007 aix, 813p.: ill a0.00 aTRAFFIC ACCIDENTS aTRANSPORTATION aTRAFFIC SAFETY--PSYCHOLOGICAL ASPECTS D0.00FCBU-MAIN LIBRARY (Kitwe)H1I0.00M1UAVAILABLEWJan 5, 2011ZMain Library Open Access Collection c60254d60254 00102lcc4070a001b001cMain Library Open Access Collectiond2022-11-30l0oHE 5614 Ship741842r2022-11-30w2022-11-30y002